| 000 | 01370nam a2200301 a 4500 | ||
|---|---|---|---|
| 001 | BRCA_4940 | ||
| 005 | 20190320204853.0 | ||
| 008 | 211010s1823----mx-#######---#000-0#spa-# | ||
| 041 | _aspa | ||
| 044 | _amx | ||
| 084 |
_aDOC27 _b.V53 _c1823 |
||
| 100 | 1 |
_aVictoria, Guadalupe _d1786-1843 _912536 |
|
| 245 | 1 | 0 |
_aDocumento firmado por Don Guadalupe Victoria _cGuadalupe Victoria. |
| 260 |
_aMéxico _c1823 |
||
| 300 |
_a[2] fojas _c30 x 21 cm. |
||
| 500 | _aDocumento firmado el 26 de mayo de 1823. | ||
| 500 | _aDocumento de Don Guadalupe Victoria dirigido al Exmo. Señor Secretario de Estado, dándole las gracias por las felicitaciones recibidas en ocasión del desempeño de su misión durante el embarque a Italia de Don Agustín de Iturbide. | ||
| 500 | _aEl documento contiene la leyenda DOC. #36. | ||
| 500 | _aEstado de conservación: Falta esquina inferior derecha y tiene anotaciones en tinta roja. | ||
| 506 | 0 | _aFondo Reservado. Para su consulta es necesario credencial de usuario y carta de motivos. | |
| 546 | _aTexto en: español de principios del siglo XIX. | ||
| 600 | 1 | 4 |
_aVictoria, Guadalupe _d1786-1843 _xHistoria _912537 |
| 650 | 1 | 4 |
_aExiliados _zMéxico _912450 |
| 651 | 4 |
_aMéxico _xHistoria _yPrimeros gobiernos indepedientes, 1821-1824 _912538 |
|
| 700 | 1 |
_aIturbide, Agustín de _d1783-1824 _912539 |
|
| 902 | _aFDH | ||
| 942 |
_2lcc _cD |
||
| 999 |
_c4634 _d4634 |
||